| 000 | 00490nam a22001817a 4500 | ||
|---|---|---|---|
| 005 | 20240920154347.0 | ||
| 008 | 240919b |||||||| |||| 00| 0 eng d | ||
| 020 | _a978-93-6180-482-3 | ||
| 041 | _aeng | ||
| 082 | _a611 | ||
| 100 |
_aKUMAR , AVNESH AND KUMAR PAWAN _98557 |
||
| 245 | _aHUMAN ANATOMY AND PHYSIOLOGY [D.PHARMA, 1ST YEAR ] | ||
| 250 | _a2ND ED.. 2024 | ||
| 260 |
_aLUCKNOW _bTHAKUR PUBLICATION PVT.LTD |
||
| 300 | _a272,P | ||
| 650 |
_aPHARMACY _xD.PHARMA |
||
| 942 | _cBK | ||
| 999 |
_c8686 _d8684 |
||